|
|
|
|
| LEADER |
00000cac a2200000 a 4500 |
| 003 |
Ucuenca |
| 005 |
20230308220330.0 |
| 008 |
013032|1967 sp||||||||r|||||||||||spa|| |
| 040 |
|
|
|b spa
|
| 041 |
1 |
|
|a spa
|
| 082 |
0 |
|
|a 711
|
| 245 |
|
3 |
|a La ciudad
|c Kingsley Davis, Gideon Sjoberg, Hans Blumenfeld y otros, traductor Guillermo Gayá Nicolau
|h imp
|
| 246 |
|
1 |
|a Cities
|
| 264 |
|
|
|a Madrid
|b Alianza
|c 1967
|
| 300 |
|
|
|a 266 páginas:
|b ilu
|c 18 cm
|
| 490 |
|
|
|a Ciencia y Técnica
|
| 504 |
|
|
|a incl. ref.
|
| 650 |
|
|
|a Ciudad
|9 16350
|
| 650 |
|
0 |
|a Urbanización
|9 995
|
| 650 |
|
0 |
|a Población
|9 2537
|
| 700 |
1 |
|
|a Sjoberg, Gideon
|9 213142
|
| 700 |
1 |
|
|a Blumenfeld, Hans.
|d 1892-1988
|9 213143
|
| 700 |
1 |
|
|9 213141
|a Davis, Kingsley
|
| 852 |
|
|
|a UC-CDJBV
|f Donación
|k epenafiel
|l 1
|m General
|p 20130327
|q 1.00
|r 2
|t si7083
|b 0
|d CDRC
|e CDRC
|g 711 ESTANTERIA CERRADA
|z 2013-30-32
|
| 942 |
|
|
|c CR
|
| 999 |
|
|
|c 133536
|d 133536
|